Normale Ansicht MARC-Ansicht ISBD

Fryderyk Chopin (Titelsatznr. 80318)

[ MARC ]
MARC-Details
000 -Satzkennung
Kontrollfeld mit fester Länge 00673nam a22002297a 4500
008 - Feld mit fester Länge zur physischen Beschreibung - Allgemeine Angaben
Kontrollfeld mit fester Länge 201208b ||||| |||| 00| 0 eng d
020 ## - Internationale Standardbuchnummer
Internationale Standardbuchnummer 978-83-7513-660-9
040 ## - Katalogisierungsquelle
Bearbeitungsstelle StAFF
041 ## - Sprachcode
Sprachcode des Textes/der Tonspur oder des separaten Titels pol
041 ## - Sprachcode
Sprachcode des Textes/der Tonspur oder des separaten Titels eng
041 ## - Sprachcode
Sprachcode des Textes/der Tonspur oder des separaten Titels franz
041 ## - Sprachcode
Sprachcode des Textes/der Tonspur oder des separaten Titels jap
100 ## - Haupteintragung - Personenname
Personenname Szkamruk, Jerzy
245 ## - Titel
Titel Fryderyk Chopin
Zusatz zum Titel 2010/
Verfasserangabe etc. Jerzy Szkamruk; Ryszard Slawinski
260 ## - Publikation, Vertrieb usw. (Erscheinungsvermerk)
Erscheinungsort, Vertriebsort etc. Bielsko-Biala
Name des Verlags, des Vertriebs etc. [Wydawnictwo Pascal]
Date of publication, distribution, etc 2009
300 ## - Physische Beschreibung
Umfang 187 Seiten
Andere physische Details überw. Ill.
Begleitmaterial DVD
500 ## - Allgemeine Fußnote
Allgemeine Fußnote Bildband
546 ## - Sprache
Sprache Text in vier Sprachen: Polnisch, Englisch, Französisch, Japanisch
942 ## - Zusätzliche Felder (Koha)
Klassifikation oder Aufstellungssystematik Andere/Generische Klassifikation
Koha-Medientyp Bücher
Exemplare
Ausgeschieden Verloren Klassifikation oder Aufstellungssystematik Beschädigt Nicht entleihbar Permanenter Standort Aktueller Standort Aufstellungsort Erwerbungsdatum Kodierter Standort-Qualifier Anzahl Ausleihen Signatur Letzte Aktivität Exemplarnummer Preis gültig von Medientyp Allgemeine Bemerkungen
    Andere/Generische Klassifikation     Stadtarchiv Frankfurt (Oder) | Archivbibliothek Stadtarchiv Frankfurt (Oder) | Archivbibliothek Magazin 08/12/2020 M   IV: 1537 08/12/2020 197/2020 08/12/2020 Bücher Text in vier Sprachen: Polnisch, Englisch, Französisch, Japanisch